Rugby Union World Rankings - Statistics

General Stats
  • This quiz has been taken 6,128 times
  • The average score is 16 of 16
Answer Stats
Ranking Region Answer % Correct
3 Australasia Australia
99%
4 Western Europe England
99%
6 Western Europe France
99%
1 Australasia New Zealand
99%
2 Africa South Africa
99%
9 Western Europe Ireland
98%
10 Western Europe Scotland
98%
5 Western Europe Wales
98%
8 South America Argentina
97%
16 North America United States
97%
14 North America Canada
96%
13 Pacific Islands Fiji
96%
15 East Asia Japan
96%
12 Western Europe Italy
94%
7 Pacific Islands Samoa
93%
11 Pacific Islands Tonga
92%
No matching quizzes found
Score Distribution
Percent of People with Each Score
Percentile by Number Answered
Your Score History
You have not taken this quiz